Quartiers de Luxembourg (Ville) sur une carte - Statistiques

Statistiques générales
  • Ce quiz a été pris 11 fois
  • Le résultat moyen est 10 sur 24
Réponses sur la Carte
Les réponses sont colorées sur une échelle allant du rouge au vert en fonction du pourcentage des utilisateurs qui les ont devinées à leur premier essai. Vous pouvez retrouver ces pourcentages ci-dessous.
 
Statistiques - réponses
Population Quartier % Correct
11 360 Gare
100%
10 725 Kirchberg
75%
12 990 Belair
63%
984 Grund
63%
10 208 Gasperich
50%
7 781 Hollerich
50%
11 521 Limpertsberg
50%
6 552 Merl
50%
7 029 Neudorf / Weimershof
50%
3 906 Beggen
38%
13 372 Bonnevoie-Sud
38%
6 517 Cents
38%
5 111 Cessange
38%
1 343 Pfaffenthal
38%
3 449 Ville-Haute
38%
4 582 Bonnevoie-Nord / Verlorenkost
25%
1 052 Clausen
25%
3 012 Dommeldange
25%
2 976 Eich
25%
1 557 Hamm
25%
384 Pulvermühl
25%
4 820 Rollingergrund / Belair-Nord
25%
2 497 Mühlenbach
13%
2 480 Weimerskirch
13%
Aucun quiz correspondant
Distribution des résultats
% des personnes avec chaque résultat
Percentile par nombre de réponses
Votre historique - résultats
Vous n’avez pas pris ce quiz